LEADER 01193nam a2200265 4500 001 000000352891 003 CaOOAMICUS 005 20230209111832.0 008 230208s2021 it a 000 u ita r 020 $a978-88-6184-814-6 040 $aSeMil$bita 100 1 $aPalmisano, Stefania.$0(OLS)http://semarc/name/117118 245 10$aReligione sotto spirito :$bviaggio nelle nuove spiritualità /$cStefania Palmisano, Nicola Pannofino. 264 1$aFirenze :$bMondadori Università,$c2021. 300 $aXXI, 178 p. :$bill. ;$c21 cm 490 1 $aSaggi oltre 650 4$aSpiritualità - Pluralismo.$0(OLS)http://semarc/subject/43887 700 1 $aPannofino, Nicola,$d<1975- >.$0(OLS)http://semarc/name/117119 830 0$aSaggi oltre.$0(OLS)http://semarc/title/442838 850 $aSeMil 852 $aSeMil$W1$xVenegono$y1$m2C II 493$j237107$B244124$CSeMilBibl$Z2$F244124 $81 996 $6020$a978-88-6184-814-6$9(OLS)http://semarc/number/297617 996 $6245$aReligione sotto spirito :$bviaggio nelle nuove spiritualità$9(OLS)http://semarc/title/442837 996 $6264$aFirenze :$bMondadori Università$9(OLS)http://semarc/publisher/56681 LEADER 00806nam a2200217 i 4500 001 000000049445 003 CaOOAMICUS 005 20260312121838.0 008 070423s1966 it u000 u ita u 013 $a20616 040 $aSeMil$bita 245 10$a1 /$cWolfgang Trilling. 260 $aRoma :$bCittà Nuova,$c1966. 300 $a256 p. 773 0 $aTrilling, Wolfgang <1925- >$tVangelo secondo Matteo.$dRoma : Città Nuova, 1964.$kCommenti spirituali del Nuovo Testamento$g1$w()17703 850 $aSeMil 852 $aSeMil$W1$xVenegono$y1$m2Z II 195$j15600$B15600$CSeMilBibl$Z2$F15600 $81 961 $aOmaggio: Colombo don Umberto 996 $6245$a1$9(OLS)http://semarc/title/46247 996 $6260$aRoma :$bCittà Nuova$9(OLS)http://semarc/publisher/29609